000 01156nam0a22002531 4500
001 rc\2996879
005 20250806200516.0
035 _a(NLR Aleph) 007140530
090 _a70394
_c70394
100 _a20110918d1944 u y0rusy50 ca
101 0 _arus
102 _aRU
105 _ay z |||||
200 1 _aКолхозникам и колхозницам, рабочим и трактористкам, специалистам сельского хозяйства, коммунистам и комсомольцам Горловского района
_e[Обращение Московского комитета ВКП(б) о повышении урожайности с.-х. культур и продуктивности животноводства]
210 _a[Москва]
_cМоск. рабочий
_d1944
215 _a12 с.
_d14 см
710 0 2 _aВКП(б)
_bМосковский областной комитет
801 0 _aRU
_bNLR
_gpsbo
801 1 _aRU
_bELAR
_2rusmarc
852 _aNLR
_jЭк50 Г-2/222
942 _cBOOK
945 _aРоссийская национальная библиотека
980 _aNB
980 _aBV